| 000 | 00635nam a22002177a 4500 | ||
|---|---|---|---|
| 003 | OSt | ||
| 005 | 20180828133149.0 | ||
| 008 | 140708b xxu||||| |||| 00| 0 eng d | ||
| 020 | _a9780702040429 | ||
| 040 | _c040a | ||
| 082 | _aWL 100 F55c 2012 | ||
| 100 |
_aFitzgerald, M. J. Turlough; Gruener,Gregory Mtui, Estomih _9384 |
||
| 245 | _aClinical Neuroanatomy and Neuroscience | ||
| 250 | _a6th ed. | ||
| 260 |
_aNew York; _bElsevier _c2012 |
||
| 300 |
_axi, 417p ; _bcol.ill: _c28cm . |
||
| 504 | _aincludes bibliographical references and index | ||
| 650 |
_aNeuroanatoy _9385 |
||
| 650 |
_aNeurosciences _9387 |
||
| 942 |
_2z _cB_BANK |
||
| 999 |
_c145 _d145 |
||